| 000 | 00989cam a2200301 i 4500 | ||
|---|---|---|---|
| 001 | 616739 | ||
| 003 | EG-ScBUE | ||
| 005 | 20250709091215.0 | ||
| 008 | 920917t1993 waua f b 001 0 eng d | ||
| 020 | _a0841222142 (acid-free paper) | ||
| 040 |
_aDLC _beng _erda _cDLC _dDLC _dEG-ScBUE |
||
| 082 | 0 | 4 |
_a541.395 _bMIC _222 |
| 245 | 0 | 4 |
_aThe Microkinetics of heterogeneous catalysis / _cJames A. Dumesic [and four others] |
| 264 | 1 |
_aWashington, DC : _bAmerican Chemical Society, _c[1993] |
|
| 264 | 4 | _cc1993 | |
| 300 |
_axii, 315 pages : _billustrations ; _c24 cm |
||
| 336 |
_2rdacontent _atext _btxt |
||
| 337 |
_aunmediated _2rdamedia _bn |
||
| 338 |
_avolume _bnc _2rdacarrier |
||
| 504 | _aIncludes bibliographical references and index. | ||
| 650 | 7 |
_aHeterogeneous catalysis. _2BUEsh _97141 |
|
| 650 | 7 |
_aChemical kinetics. _2BUEsh |
|
| 651 | _2BUEsh | ||
| 653 |
_bENGCHE _cDecember2017 |
||
| 655 | _vReading book | ||
| 700 | 1 |
_aDumesic, J. A., _d1949- _eauthor. |
|
| 942 |
_2ddc _cBB |
||
| 999 |
_c25713 _d25685 |
||